Is It The Most Populous Country A-Z? - Statistics

General Stats
  • This quiz has been taken 32 times
  • The average score is 18 of 24
Answer Stats
Hint Explanation Answer % Correct
J: Japan 123 million YES, it is the most populous country
100%
M: Mexico 133 million YES, it is the most populous country
100%
Q: Qatar 3.16 million YES, it is the most populous country
100%
R: Russia 143 million YES, it is the most populous country
100%
Y: Yemen 42.6 million YES, it is the most populous country
100%
F: Fiji France: 69.3 million Fiji: 936 thousand NO, there is a more populous country
100%
I: India 1473 million YES, it is the most populous country
96%
O: Oman 5.62 million YES, it is the most populous country
92%
K: Kenya 58.3 million YES, it is the most populous country
88%
Z: Zambia 22.3 million YES, it is the most populous country
88%
D: Democratic Republic of the Congo 115 million YES, it is the most populous country
84%
G: Germany 83.7 million YES, it is the most populous country
84%
C: Canada China: 1422 million Canada: 40.4 million NO, there is a more populous country
84%
N: North Korea Nigeria: 241 million North Korea: 26.6 million NO, there is a more populous country
80%
S: South Africa 65.2 million YES, it is the most populous country
68%
U: United Kingdom United States: 352 million United Kingdom: 70.4 million NO, there is a more populous country
68%
B: Bangladesh Brazil: 213 million Bangladesh: 177 million NO, there is a more populous country
52%
L: Libya Laos: 7.94 million Libya: 7.51 million NO, there is a more populous country
52%
V: Venezuela Vietnam: 102 million Venezuela: 28.6 million NO, there is a more populous country
48%
A: Algeria 47.8 million YES, it is the most populous country
44%
E: Egypt Ethiopia: 138 million Egypt: 120 million NO, there is a more populous country
44%
H: Haiti Haiti: 12.0 million Hungary: 9.60 million NO, there is a more populous country
44%
T: Thailand Turkey: 87.8 million Thailand: 71.6 million NO, there is a more populous country
44%
P: Philippines Pakistan: 258 million Philippines: 117 million NO, there is a more populous country
40%
No matching quizzes found
Score Distribution
Percent of People with Each Score
Percentile by Number Answered
Your Score History
You have not taken this quiz